000 00502nam a2200193Ia 4500
005 20250923144727.0
008 008 250917s9999 xx 000 0 eng d
037 _aTextual
040 _aDSWL
_beng
_cDSWL
041 _aeng
_2eng
084 _qDSWL
245 0 _aImperial Gazetteer of India Indian Imp.Vol. VIII Economic
260 _aClarendon
_bOxford Clarendon Press
_c1908
300 _axxxvi,520p.
365 _aINR
_b25
925 _g25
942 _cTEXL
999 _c1442556
_d1442556